000 00582nam a22001937a 4500
005 20241206163229.0
010 _aENG-142869
020 _c140.00
_a9789392080654
035 _aEN-126401
037 _bDBAD
082 _a321.07
100 _aKaur, Harpreet
_974829
245 _aMusingsm on Self 'N' Society:
_cby Harpreet Kaur [and] Ishleen Kaur Lamba
_bA Long Poem/
250 _a1
260 _aAllahabad
_bKitab Mahal
_c2023
270 _a22-A, Sarojini Naidu Marg,
_bAllahabad
_e211001
300 _a128p.
_c21cm(pb)
942 _2ddc
_cEN
_mKAU
_h321.07
999 _c207481
_d207481